000 00489nam a2200157 i 4500
001 29309
003 ES-MaACL
005 20230906154017.0
007 t|
008 030121s1948 sp ||||1| spa d
100 1 _aBallester y Castelló, F.
_925028
245 1 0 _aMaría Murtra de Low
_b: apuntes biográficos /
_cpor F. Ballester y Castelló.
260 _aValls :
_b[s.n.,
_c1948] (
_fE. Castells)
300 _a44 p. :
_b1 retr. aut. ;
_c17 cm.
852 _aES-MaACL
_j1787-F-16
_bR.26797
999 _c29309
_d29309